[Event "Landesklasse West 2012/2013"]
[Site "?"]
[Date "2013.01.27"]
[Round "6"]
[White "Kachel, Alfred"]
[Black "Gast, Rainer"]
[Result "1/2-1/2"]
[WhiteElo "1956"]
[BlackElo "1950"]
[PlyCount "36"]
[EventDate "2013.??.??"]
[WhiteTeam "Schachclub Rochade Leinefelde"]
[BlackTeam "SV Breitenworbis"]

1. d4 d5 2. c4 e6 3. Nc3 Nf6 4. cxd5 exd5 5. Bg5 Be7 6. e3 c6 7. Bd3 Nbd7 8.
Nf3 O-O 9. Qc2 Re8 10. O-O Nf8 11. Ne5 N6d7 12. Bxe7 Qxe7 13. Nxd7 Bxd7 14.
Rae1 Qd6 15. f3 g6 16. a3 c5 17. Nb5 Bxb5 18. Bxb5 Rec8 1/2-1/2

[Event "Landesklasse West 2012/2013"]
[Site "?"]
[Date "2013.01.27"]
[Round "6"]
[White "Bötticher, Heinz-Wilfried"]
[Black "Ziegenfuß, Holger"]
[Result "1/2-1/2"]
[WhiteElo "1800"]
[BlackElo "1895"]
[PlyCount "32"]
[EventDate "2013.??.??"]
[WhiteTeam "SV Breitenworbis"]
[BlackTeam "Schachclub Rochade Leinefelde"]

1. e4 e5 2. Nf3 Nc6 3. Bc4 Bc5 4. O-O d6 5. c3 Bg4 6. d3 h6 7. h3 Bh5 8. b4 Bb6
9. a4 a5 10. b5 Nce7 11. g4 Bg6 12. Nh4 Nf6 13. Qb3 O-O 14. Be3 Qd7 15. Nf5
Bxf5 16. gxf5 Bxe3 1/2-1/2

[Event "Landesklasse West 2012/2013"]
[Site "?"]
[Date "2013.01.27"]
[Round "6"]
[White "Frank, Thomas"]
[Black "Hermann, Ingo"]
[Result "1/2-1/2"]
[WhiteElo "1907"]
[BlackElo "1835"]
[PlyCount "23"]
[EventDate "2013.??.??"]
[WhiteTeam "Schachclub Rochade Leinefelde"]
[BlackTeam "SV Breitenworbis"]

1. d4 d6 2. c4 e5 3. Nc3 exd4 4. Qxd4 Nc6 5. Qd1 g6 6. Nf3 Bg7 7. Bd2 Nge7 8.
g3 O-O 9. Bg2 Be6 10. b3 h6 11. O-O Kh7 12. a3 1/2-1/2

[Event "Landesklasse West 2012/2013"]
[Site "?"]
[Date "2013.01.27"]
[Round "6"]
[White "Leibeling, Lucian"]
[Black "Pfitzenreuter, Gerald"]
[Result "1/2-1/2"]
[WhiteElo "1851"]
[BlackElo "1901"]
[PlyCount "27"]
[EventDate "2013.??.??"]
[WhiteTeam "SV Breitenworbis"]
[BlackTeam "Schachclub Rochade Leinefelde"]

1. c4 e6 2. d3 d5 3. Nd2 Nf6 4. Ngf3 c5 5. e3 Nc6 6. Be2 Be7 7. O-O O-O 8. a3
dxc4 9. dxc4 b6 10. b3 Bb7 11. Bb2 Qc7 12. Qc2 h6 13. h3 Rfd8 14. Rfd1 1/2-1/2

[Event "Landesklasse West 2012/2013"]
[Site "?"]
[Date "2013.01.27"]
[Round "6"]
[White "Beikirch, Heinz"]
[Black "Seeboth, Paul"]
[Result "1/2-1/2"]
[WhiteElo "1477"]
[BlackElo "1806"]
[PlyCount "37"]
[EventDate "2013.??.??"]
[WhiteTeam "SV Breitenworbis"]
[BlackTeam "Schachclub Rochade Leinefelde"]

1. e4 c6 2. d4 d5 3. Nc3 dxe4 4. Nxe4 Bf5 5. Ng3 Bg6 6. Nf3 e6 7. h4 h6 8. h5
Bh7 9. Bd3 Bxd3 10. Qxd3 Nf6 11. Bd2 Bd6 12. Ne4 Nxe4 13. Qxe4 Nd7 14. Ne5 Nf6
15. Qe2 Qb6 16. O-O-O O-O 17. Bc3 Nd5 18. Qc4 Rad8 19. Rhe1 1/2-1/2

[Event "Landesklasse West 2012/2013"]
[Site "?"]
[Date "2013.01.27"]
[Round "6"]
[White "Gast, Antonia"]
[Black "Löffelholz, Christian"]
[Result "1/2-1/2"]
[WhiteElo "1400"]
[BlackElo "1708"]
[PlyCount "31"]
[EventDate "2013.??.??"]
[WhiteTeam "SV Breitenworbis"]
[BlackTeam "Schachclub Rochade Leinefelde"]

1. c4 e5 2. Nc3 g6 3. g3 Bg7 4. Bg2 Nf6 5. e4 O-O 6. Nge2 d6 7. h3 Nc6 8. O-O
Be6 9. d3 Qd7 10. Kh2 a6 11. a3 Rab8 12. b4 b5 13. cxb5 axb5 14. Be3 Ne8 15.
Rc1 f5 16. f4 1/2-1/2

[Event "Landesklasse West 2012/2013"]
[Site "?"]
[Date "2013.02.17"]
[Round "7"]
[White "Essegern, Kurt"]
[Black "Recknagel, Michael"]
[Result "1/2-1/2"]
[WhiteElo "1952"]
[BlackElo "2179"]
[PlyCount "60"]
[EventDate "2013.??.??"]
[WhiteTeam "Randspringer Bad Salzungen"]
[BlackTeam "SC Suhl"]

1. e4 c6 2. d4 d5 3. Nc3 dxe4 4. Nxe4 Nd7 5. Ng5 Ngf6 6. Bd3 e6 7. N1f3 Bd6 8.
Qe2 h6 9. Ne4 Nxe4 10. Qxe4 Nf6 11. Qe2 Qe7 12. Ne5 Bd7 13. Bd2 O-O-O 14. O-O-O
Kb8 15. Kb1 Rc8 16. c4 Rhd8 17. f4 g6 18. g4 Be8 19. f5 exf5 20. gxf5 c5 21.
fxg6 fxg6 22. Bxh6 cxd4 23. Bf4 Qc7 24. c5 Qxc5 25. Rc1 Qd5 26. Nxg6 Rxc1+ 27.
Rxc1 Bxg6 28. Bxd6+ Qxd6 29. Bxg6 Nd5 30. Bf5 Ne7 1/2-1/2

[Event "Landesklasse West 2012/2013"]
[Site "?"]
[Date "2013.02.17"]
[Round "7"]
[White "Silberschlag, Jörg"]
[Black "Hübschmann, Holger"]
[Result "1-0"]
[WhiteElo "2111"]
[BlackElo "1903"]
[PlyCount "77"]
[EventDate "2013.??.??"]
[WhiteTeam "SC Suhl"]
[BlackTeam "Randspringer Bad Salzungen"]

1. e4 e6 2. d4 d5 3. Nd2 Nf6 4. e5 Nfd7 5. c3 c5 6. Bd3 Nc6 7. Ne2 Qb6 8. Nf3
Be7 9. O-O O-O 10. Bb1 f5 11. exf6 Nxf6 12. b3 cxd4 13. cxd4 Bd7 14. Ng5 Rac8
15. a3 Nd8 16. Nf4 Be8 17. Re1 Bf7 18. Qd3 Ne4 19. Nxe4 dxe4 20. Qxe4 g6 21. b4
Bf6 22. Be3 Qd6 23. Ba2 Re8 24. Rad1 a6 25. g3 Kg7 26. h4 h6 27. Bb1 e5 28.
Nh5+ Kh7 29. Nxf6+ Qxf6 30. Qg4 Be6 31. Qh5 Nf7 32. dxe5 Qg7 33. Bd4 Rc4 34.
Qe2 Rd8 35. h5 Rcxd4 36. hxg6+ Kh8 37. Rxd4 Rxd4 38. gxf7 Qxf7 39. Qe3 1-0

[Event "Landesklasse West 2012/2013"]
[Site "?"]
[Date "2013.02.17"]
[Round "7"]
[White "Schulz, Tilo"]
[Black "Berghof, Axel"]
[Result "0-1"]
[WhiteElo "1874"]
[BlackElo "1997"]
[PlyCount "62"]
[EventDate "2013.??.??"]
[WhiteTeam "Randspringer Bad Salzungen"]
[BlackTeam "SC Suhl"]

1. e4 c5 2. Nf3 d6 3. c3 Nf6 4. Be2 Nc6 5. d3 e5 6. O-O Be7 7. Nbd2 O-O 8. Re1
Nh5 9. Bf1 Nf4 10. g3 Nh3+ 11. Kg2 f5 12. Be2 f4 13. Rf1 Be6 14. Ng1 Qd7 15. g4
f3+ 16. Ndxf3 Nf4+ 17. Bxf4 Rxf4 18. h3 h5 19. Nh2 Raf8 20. f3 Bh4 21. Qc2 Qf7
22. b3 Qg6 23. Rad1 Qh6 24. Qc1 Bg5 25. Qc2 R4f7 26. Rfe1 Bh4 27. Rf1 Qf4 28.
Qd2 Qg3+ 29. Kh1 Rf4 30. Qe3 hxg4 31. hxg4 Bxg4 0-1

[Event "Landesklasse West 2012/2013"]
[Site "?"]
[Date "2013.02.17"]
[Round "7"]
[White "Koch, Stefan"]
[Black "Roth, Ralf"]
[Result "1/2-1/2"]
[WhiteElo "1868"]
[BlackElo "1845"]
[PlyCount "34"]
[EventDate "2013.??.??"]
[WhiteTeam "SC Suhl"]
[BlackTeam "Randspringer Bad Salzungen"]

1. e4 d6 2. d4 Nf6 3. Nc3 g6 4. g3 Bg7 5. Bg2 O-O 6. Nge2 c6 7. h3 Qc7 8. Be3
Nbd7 9. O-O e5 10. Qd2 Nb6 11. b3 d5 12. exd5 Nbxd5 13. dxe5 Qxe5 14. Nxd5 Nxd5
15. Bd4 Qe7 16. Bxg7 Kxg7 17. Nf4 Nxf4 1/2-1/2

[Event "Landesklasse West 2012/2013"]
[Site "?"]
[Date "2013.02.17"]
[Round "7"]
[White "Essegern, Uwe"]
[Black "Fuhrmann, Christian"]
[Result "1-0"]
[WhiteElo "1828"]
[BlackElo "1797"]
[PlyCount "81"]
[EventDate "2013.??.??"]
[WhiteTeam "Randspringer Bad Salzungen"]
[BlackTeam "SC Suhl"]

1. e4 c5 2. Nc3 Nc6 3. Bb5 a6 4. Bxc6 bxc6 5. d3 g6 6. f4 Bg7 7. Nf3 d6 8. O-O
e6 9. Qe1 Ne7 10. e5 Nd5 11. Ne4 dxe5 12. fxe5 O-O 13. Nxc5 a5 14. c3 Ba6 15.
Kh1 Qe7 16. Nxa6 Rxa6 17. Qe2 Raa8 18. c4 Nb4 19. a3 Na6 20. d4 Rfb8 21. Ng5
Rf8 22. Ne4 Nc7 23. Bg5 Qd7 24. Rad1 Ne8 25. Qe1 h6 26. Bc1 Rb8 27. Qxa5 Kh8
28. Qe1 Qe7 29. b4 Kh7 30. Rf3 f5 31. Nc5 Nc7 32. Rh3 g5 33. a4 Rfd8 34. Ra3
Rf8 35. Bb2 g4 36. Bc3 Kh8 37. Qg3 Qg5 38. Nd7 f4 39. Qf2 g3 40. Qf3 Qh4 41. h3
1-0

[Event "Landesklasse West 2012/2013"]
[Site "?"]
[Date "2013.02.17"]
[Round "7"]
[White "Will, Ralph"]
[Black "Feldmann, Bernd"]
[Result "1-0"]
[WhiteElo "1747"]
[BlackElo "1831"]
[PlyCount "67"]
[EventDate "2013.??.??"]
[WhiteTeam "SC Suhl"]
[BlackTeam "Randspringer Bad Salzungen"]

1. d4 d5 2. c4 e6 3. Nf3 c6 4. cxd5 exd5 5. g3 Bd6 6. Bg2 f5 7. e3 Nf6 8. O-O
O-O 9. a3 Qe8 10. Nbd2 Nbd7 11. b4 a6 12. Bb2 Ne4 13. Nb3 Rf6 14. Nc5 Rh6 15.
Nd3 g5 16. Nd2 Ndf6 17. Ne5 Nxd2 18. Qxd2 Qh5 19. h3 f4 20. exf4 Bxh3 21. fxg5
Bxg2 22. Kxg2 Qh3+ 23. Kf3 Ne4 24. Qc1 Rf8+ 25. Ke3 Rxf2 26. Rxf2 Qxg3+ 27. Rf3
Qxg5+ 28. Kd3 Qh5 29. Qg1+ Rg6 30. Qf1 Qh2 31. Rf8+ Bxf8 32. Qf7+ Kh8 33. Qxf8+
Rg8 34. Nf7# 1-0

[Event "Landesklasse West 2012/2013"]
[Site "?"]
[Date "2013.02.17"]
[Round "7"]
[White "Kunze, Heinz"]
[Black "Müller, Bernd"]
[Result "0-1"]
[WhiteElo "1733"]
[BlackElo "1720"]
[PlyCount "82"]
[EventDate "2013.??.??"]
[WhiteTeam "Randspringer Bad Salzungen"]
[BlackTeam "SC Suhl"]

1. e4 d5 2. exd5 Qxd5 3. Nc3 Qa5 4. d4 Nf6 5. Bd2 Bg4 6. Be2 Bxe2 7. Ngxe2 Nc6
8. Ne4 Qd5 9. Nxf6+ gxf6 10. O-O Rg8 11. f3 Nxd4 12. Nc3 Qf5 13. Ne4 O-O-O 14.
c3 Qg6 15. Rf2 Nf5 16. Qe2 e5 17. Be3 Kb8 18. Re1 h5 19. Kh1 Be7 20. Bc5 Nd6
21. Bxd6 Bxd6 22. Rd1 f5 23. Nxd6 Rxd6 24. Rff1 Rgd8 25. Rxd6 Qxd6 26. h3 f6
27. Rf2 h4 28. Qc2 Qd3 29. Kh2 f4 30. Re2 Qxc2 31. Rxc2 Rd1 32. Re2 b6 33. b3
Kb7 34. Rc2 Kc6 35. Re2 Kd6 36. Rc2 f5 37. Re2 Kd5 38. Rc2 e4 39. fxe4+ fxe4
40. Rf2 Ke5 41. Re2 e3 0-1

[Event "Landesklasse West 2012/2013"]
[Site "?"]
[Date "2013.02.17"]
[Round "7"]
[White "Ansorg, Nico"]
[Black "Mäurer, Michael"]
[Result "1-0"]
[WhiteElo "1647"]
[BlackElo "1632"]
[PlyCount "27"]
[EventDate "2013.??.??"]
[WhiteTeam "SC Suhl"]
[BlackTeam "Randspringer Bad Salzungen"]

1. d4 d5 2. c4 c6 3. Nc3 Bf5 4. cxd5 cxd5 5. Qb3 e6 6. Qxb7 Nd7 7. Bf4 Qc8 8.
Qb3 a5 9. a3 Be7 10. Rc1 Qd8 11. Nb5 Kf8 12. Bc7 Qc8 13. Nd6 Rb8 14. Qxb8 1-0

[Event "Landesklasse West 2012/2013"]
[Site "?"]
[Date "2013.02.17"]
[Round "7"]
[White "Geißhirt, Marco"]
[Black "Messerschmidt, Nick"]
[Result "1-0"]
[WhiteElo "1919"]
[BlackElo "1903"]
[PlyCount "95"]
[EventDate "2013.??.??"]
[WhiteTeam "SG Barchfeld/Breitungen"]
[BlackTeam "SG Trusetal 92"]

1. e4 c5 2. c3 d5 3. Bb5+ Bd7 4. Bxd7+ Qxd7 5. e5 Nc6 6. d4 cxd4 7. cxd4 e6 8.
Ne2 Nge7 9. Ng3 Rc8 10. O-O h5 11. b3 h4 12. Ne2 Nf5 13. Ba3 Nb4 14. Bxb4 Bxb4
15. a3 Ba5 16. Qd3 a6 17. b4 Bb6 18. Nd2 Qe7 19. Rac1 O-O 20. Nb3 Ba7 21. Rc3
Rxc3 22. Qxc3 Qg5 23. Rc1 Qg4 24. Qd3 Bb6 25. h3 Qh5 26. a4 g5 27. a5 Bd8 28.
f3 f6 29. Nc5 Qf7 30. Re1 fxe5 31. dxe5 Be7 32. Nd4 Bxc5 33. bxc5 Nxd4 34. Qxd4
Qf4 35. Qb2 Rf7 36. Kh1 Rc7 37. Qb6 Qf7 38. Rf1 Qe7 39. f4 gxf4 40. Rxf4 Rxc5
41. Qb1 Qe8 42. Rg4+ Kf8 43. Qh7 Qf7 44. Qh8+ Ke7 45. Rg7 Rxa5 46. Rxf7+ Kxf7
47. Qf6+ Kg8 48. Qd8+ 1-0

[Event "Landesklasse West 2012/2013"]
[Site "?"]
[Date "2013.02.17"]
[Round "7"]
[White "Messerschmidt, Daniel"]
[Black "Rommel, Uwe"]
[Result "0-1"]
[WhiteElo "1784"]
[BlackElo "1875"]
[PlyCount "48"]
[EventDate "2013.??.??"]
[WhiteTeam "SG Trusetal 92"]
[BlackTeam "SG Barchfeld/Breitungen"]

1. c4 e5 2. Nc3 d6 3. g3 f5 4. Bg2 Nf6 5. d3 Be7 6. e4 Nc6 7. f4 O-O 8. Nf3
exf4 9. Bxf4 Nh5 10. Bc1 f4 11. Ne2 fxg3 12. hxg3 Bg4 13. O-O Ne5 14. Nxe5 dxe5
15. Rxf8+ Bxf8 16. Kh2 Qd7 17. Be3 c5 18. Qc2 Rd8 19. Rd1 Be7 20. Bf1 Qe6 21.
Re1 Rf8 22. Bg2 Qg6 23. Ng1 Nxg3 24. Kxg3 Bd1+ 0-1

[Event "Landesklasse West 2012/2013"]
[Site "?"]
[Date "2013.02.17"]
[Round "7"]
[White "Crivellaro, Heiko"]
[Black "Willner, Holger"]
[Result "1/2-1/2"]
[WhiteElo "1826"]
[BlackElo "1807"]
[PlyCount "58"]
[EventDate "2013.??.??"]
[WhiteTeam "SG Barchfeld/Breitungen"]
[BlackTeam "SG Trusetal 92"]

1. f4 d5 2. Nf3 Nf6 3. e3 Bg4 4. Be2 Bxf3 5. Bxf3 c6 6. b3 Nbd7 7. Bb2 e6 8.
Qe2 Bd6 9. O-O Qc7 10. d4 O-O-O 11. c4 Ne4 12. Bxe4 dxe4 13. c5 Be7 14. Nd2 f5
15. b4 g5 16. d5 cxd5 17. Bxh8 Rxh8 18. Nb3 gxf4 19. Rxf4 Bf6 20. Rd1 Ne5 21.
Nd4 Nd3 22. Rff1 Bxd4 23. exd4 Qg7 24. Rxd3 exd3 25. Qxe6+ Qd7 26. Qe3 Re8 27.
Qxd3 Re4 28. b5 Qg7 29. Rd1 Qg4 1/2-1/2

[Event "Landesklasse West 2012/2013"]
[Site "?"]
[Date "2013.02.17"]
[Round "7"]
[White "Schley, Thomas"]
[Black "Heß, Wolfgang"]
[Result "1-0"]
[WhiteElo "1720"]
[BlackElo "1742"]
[PlyCount "75"]
[EventDate "2013.??.??"]
[WhiteTeam "SG Trusetal 92"]
[BlackTeam "SG Barchfeld/Breitungen"]

1. d4 Nf6 2. Nf3 d5 3. g3 Nbd7 4. Bg2 e6 5. O-O Be7 6. Re1 O-O 7. Bg5 c5 8.
Nbd2 cxd4 9. Nxd4 a6 10. e4 h6 11. Bxf6 Bxf6 12. N2b3 Bxd4 13. Qxd4 dxe4 14.
Qxe4 Qb6 15. Rad1 Nf6 16. Qd4 Qxd4 17. Rxd4 Rb8 18. Red1 b6 19. Rd8 Bb7 20.
Rxb8 Rxb8 21. Bxb7 Rxb7 22. Rd8+ Kh7 23. Kf1 Kg6 24. Ke2 Ng4 25. h3 Ne5 26. Nd2
Kf5 27. c3 g5 28. Nf3 Nd7 29. Ke3 e5 30. g4+ Kf6 31. Nd2 Kg6 32. Nc4 Nc5 33.
Rd6+ Kg7 34. Rxb6 Rd7 35. Rd6 Re7 36. Rd5 Nd7 37. Nd6 Kg6 38. Nf5 1-0

[Event "Landesklasse West 2012/2013"]
[Site "?"]
[Date "2013.02.17"]
[Round "7"]
[White "Abe, Rico"]
[Black "Zentgraf, Torsten"]
[Result "1/2-1/2"]
[WhiteElo "1709"]
[BlackElo "1671"]
[PlyCount "36"]
[EventDate "2013.??.??"]
[WhiteTeam "SG Barchfeld/Breitungen"]
[BlackTeam "SG Trusetal 92"]

1. e4 c6 2. d4 d5 3. Nc3 dxe4 4. Nxe4 Bf5 5. Ng3 Bg6 6. h4 h6 7. h5 Bh7 8. Bd3
Bxd3 9. Qxd3 Qc7 10. Nf3 Nd7 11. Be3 e6 12. c3 Ngf6 13. a3 Bd6 14. Ne4 Nxe4 15.
Qxe4 Nf6 16. Qd3 Nd5 17. c4 Nxe3 18. Qxe3 O-O 1/2-1/2

[Event "Landesklasse West 2012/2013"]
[Site "?"]
[Date "2013.02.17"]
[Round "7"]
[White "Voigt, Uwe"]
[Black "Römhild, Uwe"]
[Result "1-0"]
[WhiteElo "1514"]
[BlackElo "1653"]
[PlyCount "78"]
[EventDate "2013.??.??"]
[WhiteTeam "SG Trusetal 92"]
[BlackTeam "SG Barchfeld/Breitungen"]

1. b4 e5 2. Bb2 Bxb4 3. Bxe5 Nf6 4. Nf3 d6 5. Bb2 Bf5 6. e3 Nbd7 7. Be2 O-O 8.
O-O h6 9. d3 Re8 10. Nbd2 Nc5 11. a4 Bxd2 12. Nxd2 Bd7 13. a5 Na4 14. Qc1 Nxb2
15. Qxb2 Bc6 16. Bf3 Bxf3 17. Nxf3 b6 18. axb6 axb6 19. Rxa8 Qxa8 20. h3 Qb7
21. Ra1 Ra8 22. e4 Nd7 23. Nh4 Rxa1+ 24. Qxa1 g6 25. f4 Qc6 26. Qc1 Nc5 27. Qd2
Ne6 28. f5 Ng5 29. fxg6 f6 30. Nf5 Qc5+ 31. Kh1 Qa3 32. h4 Qa1+ 33. Kh2 Qe5+
34. Kg1 Qc5+ 35. Kf1 Nxe4 36. dxe4 Qb5+ 37. Qd3 Qb1+ 38. Kf2 Qc1 39. Qd5+ Kh8
1-0

[Event "Landesklasse West 2012/2013"]
[Site "?"]
[Date "2013.02.17"]
[Round "7"]
[White "Volkert, Mario"]
[Black "Pastowski, Lukas"]
[Result "1-0"]
[WhiteElo "1614"]
[BlackElo "1177"]
[PlyCount "33"]
[EventDate "2013.??.??"]
[WhiteTeam "SG Barchfeld/Breitungen"]
[BlackTeam "SG Trusetal 92"]

1. e4 e5 2. f4 exf4 3. Nf3 d6 4. Bc4 Nf6 5. Nc3 Bg4 6. O-O Nc6 7. d4 Qd7 8.
Bxf4 O-O-O 9. d5 Ne7 10. Bb5 c6 11. dxc6 Nxc6 12. Qd3 Qc7 13. Rac1 Be7 14. Nd4
Nxd4 15. Qxd4 Kb8 16. a4 Qc5 17. Qxc5 1-0

[Event "Landesklasse West 2012/2013"]
[Site "?"]
[Date "2013.02.17"]
[Round "7"]
[White "Hepp, Ingolf"]
[Black "Zimmermann, Dirk"]
[Result "1-0"]
[WhiteElo "1477"]
[BlackElo "1642"]
[PlyCount "27"]
[EventDate "2013.??.??"]
[WhiteTeam "SG Trusetal 92"]
[BlackTeam "SG Barchfeld/Breitungen"]

1. e4 e6 2. Nf3 d5 3. exd5 exd5 4. d4 Nf6 5. Bg5 Bg4 6. Be2 h6 7. Bh4 g5 8. Bg3
Bd6 9. Ne5 Be6 10. Nd2 Nbd7 11. c3 Qe7 12. Qb3 O-O-O 13. Nc6 bxc6 14. Ba6# 1-0

[Event "Landesklasse West 2012/2013"]
[Site "?"]
[Date "2013.02.17"]
[Round "7"]
[White "Hocke, Sebastian"]
[Black "Bamberg, Alexander"]
[Result "1-0"]
[WhiteElo "2017"]
[BlackElo "1855"]
[PlyCount "53"]
[EventDate "2013.??.??"]
[WhiteTeam "ESV Lok Meiningen"]
[BlackTeam "SV Schmalkalden 04"]

1. e4 c5 2. Nf3 d6 3. d4 cxd4 4. Nxd4 Nf6 5. Nc3 e6 6. Be3 Be7 7. f3 O-O 8. Qd2
Nc6 9. O-O-O a6 10. g4 Bd7 11. h4 Rc8 12. h5 b5 13. g5 Ne8 14. f4 Qa5 15. Kb1
b4 16. Nce2 Nc7 17. Nb3 Qb5 18. g6 Qb7 19. Ned4 Nxd4 20. gxh7+ Kxh7 21. Nxd4 f5
22. Bd3 fxe4 23. Qg2 d5 24. Rdg1 Bf6 25. h6 g6 26. Qxg6+ Kh8 27. h7 1-0

[Event "Landesklasse West 2012/2013"]
[Site "?"]
[Date "2013.02.17"]
[Round "7"]
[White "Grube, Jan"]
[Black "Klein, Matthias"]
[Result "1-0"]
[WhiteElo "1791"]
[BlackElo "1757"]
[PlyCount "45"]
[EventDate "2013.??.??"]
[WhiteTeam "ESV Lok Meiningen"]
[BlackTeam "SV Schmalkalden 04"]

1. c4 e5 2. Nc3 Nc6 3. g3 g6 4. Bg2 Bg7 5. d3 Nf6 6. Nf3 d6 7. O-O O-O 8. Bg5
h6 9. Bd2 Re8 10. e4 Bg4 11. h3 Be6 12. Nd5 Nd4 13. Nxd4 exd4 14. Qb3 Bxd5 15.
cxd5 b6 16. Rac1 Nd7 17. Qc2 Rc8 18. b4 b5 19. Qc6 Ne5 20. Qxb5 Rb8 21. Qa6 Re7
22. f4 Rb6 23. Qa3 1-0

[Event "Landesklasse West 2012/2013"]
[Site "?"]
[Date "2013.02.17"]
[Round "7"]
[White "Scheftlein, Richard"]
[Black "Burkhardt, Christian"]
[Result "1-0"]
[WhiteElo "1846"]
[BlackElo "1717"]
[PlyCount "47"]
[EventDate "2013.??.??"]
[WhiteTeam "ESV Lok Meiningen"]
[BlackTeam "SV Schmalkalden 04"]

1. d4 d5 2. c4 e6 3. Nc3 Nf6 4. Bg5 Be7 5. e3 O-O 6. cxd5 exd5 7. Bd3 c6 8. Qc2
Nbd7 9. Nge2 g6 10. h4 Ne8 11. Bh6 Ng7 12. h5 f5 13. hxg6 hxg6 14. Nf4 Rf6 15.
O-O-O Nf8 16. g4 Kf7 17. gxf5 Nxf5 18. Rdg1 Nxh6 19. Rxh6 g5 20. Ng6 Nxg6 21.
Bxg6+ Ke6 22. Rxg5 Qf8 23. Bf5+ Kd6 24. Nb5+ 1-0

[Event "Landesklasse West 2012/2013"]
[Site "?"]
[Date "2013.02.17"]
[Round "7"]
[White "Weigend, Joachim"]
[Black "Weiß, Daniel"]
[Result "0-1"]
[WhiteElo "1777"]
[BlackElo "1785"]
[PlyCount "56"]
[EventDate "2013.??.??"]
[WhiteTeam "SV Schmalkalden 04"]
[BlackTeam "ESV Lok Meiningen"]

1. e4 d6 2. d4 Nf6 3. Nd2 g6 4. g3 Bg7 5. Bg2 O-O 6. Ngf3 c5 7. d5 e6 8. dxe6
Bxe6 9. c4 Nxe4 10. Nxe4 Bxc4 11. Nxd6 Qe7+ 12. Be3 Rd8 13. Nxc4 Rxd1+ 14. Rxd1
Nc6 15. O-O Rc8 16. Rfe1 Nb4 17. Bh6 Qf8 18. Bxg7 Qxg7 19. Nd6 Rf8 20. a3 Nc2
21. Re7 Rd8 22. Rd2 Qf6 23. Rxb7 Rxd6 24. Rb8+ Kg7 25. h4 Rxd2 26. Nxd2 Qd6 27.
Rb7 Qxd2 28. Bf3 Nd4 0-1

[Event "Landesklasse West 2012/2013"]
[Site "?"]
[Date "2013.02.17"]
[Round "7"]
[White "Jörges, Frank"]
[Black "Röder, Detlef"]
[Result "1/2-1/2"]
[WhiteElo "1812"]
[BlackElo "1629"]
[PlyCount "92"]
[EventDate "2013.??.??"]
[WhiteTeam "ESV Lok Meiningen"]
[BlackTeam "SV Schmalkalden 04"]

1. d4 f5 2. Nf3 Nf6 3. e3 e6 4. c4 d5 5. Bd3 c6 6. O-O Bd6 7. b3 O-O 8. Ba3 Qe7
9. Bxd6 Qxd6 10. Nc3 Nbd7 11. cxd5 cxd5 12. Nb5 Qe7 13. Rc1 Ne4 14. Qe2 a6 15.
Nc3 Ndf6 16. Na4 Qd8 17. Ne5 Nd7 18. f4 Nxe5 19. fxe5 Bd7 20. Nc5 Nxc5 21. Rxc5
Rc8 22. b4 Rxc5 23. bxc5 Bc6 24. Rf3 Rf7 25. Qf2 g6 26. Kh1 Kg7 27. g4 Qf8 28.
gxf5 gxf5 29. Qh4 Qe7 30. Rg3+ Kh8 31. Qh6 Bd7 32. Be2 Qf8 33. Qf4 Rg7 34. Bh5
Rxg3 35. hxg3 Qg7 36. g4 fxg4 37. Bxg4 Kg8 38. Kh2 Qf7 39. Qg5+ Kf8 40. Qd8+
Kg7 41. Qg5+ Kf8 42. Kg2 Bb5 43. Qd8+ Kg7 44. Qg5+ Kf8 45. Qf4 Kg7 46. Kg3 Bd3
1/2-1/2

[Event "Landesklasse West 2012/2013"]
[Site "?"]
[Date "2013.02.17"]
[Round "7"]
[White "Krannich, Volkmar"]
[Black "Rosenberg, Erik"]
[Result "0-1"]
[WhiteElo "1498"]
[BlackElo "1452"]
[PlyCount "92"]
[EventDate "2013.??.??"]
[WhiteTeam "SV Schmalkalden 04"]
[BlackTeam "ESV Lok Meiningen"]

1. d4 Nf6 2. c4 e6 3. Nc3 d5 4. Nf3 Bb4 5. e3 c6 6. Bd3 O-O 7. O-O a6 8. a3 Bd6
9. c5 Bc7 10. Re1 Nbd7 11. e4 dxe4 12. Nxe4 h6 13. b4 e5 14. Bb2 Re8 15. dxe5
Bxe5 16. Bxe5 Nxe5 17. Nxe5 Rxe5 18. Nd6 Qe7 19. Rxe5 Qxe5 20. Qe1 Qd4 21. Bc4
Nd5 22. Rd1 Qf4 23. Bxd5 cxd5 24. Rxd5 Be6 25. Re5 Rd8 26. Re3 b6 27. Qe2 bxc5
28. bxc5 Qd4 29. Qe1 Rb8 30. Re2 Qxc5 31. Ne4 Qxa3 32. h3 a5 33. Qd2 a4 34. Re3
Qa1+ 35. Re1 Rb1 36. Qd8+ Kh7 37. Nf6+ Kg6 38. Qd3+ Bf5 39. Qg3+ Kxf6 40. Qh4+
Kg6 41. Rxb1 Qxb1+ 42. Kh2 Qb3 43. g4 Be6 44. f4 Qc2+ 45. Kg3 Qd3+ 46. Kf2 Qd2+
0-1

[Event "Landesklasse West 2012/2013"]
[Site "?"]
[Date "2013.02.17"]
[Round "7"]
[White "Gast, Rainer"]
[Black "Rockstuhl, Reiner"]
[Result "1/2-1/2"]
[WhiteElo "1950"]
[BlackElo "1775"]
[PlyCount "36"]
[EventDate "2013.??.??"]
[WhiteTeam "SV Breitenworbis"]
[BlackTeam "Schachclub 1998 Gotha"]

1. d4 d5 2. Nf3 Nf6 3. Bf4 e6 4. e3 Bd6 5. c4 O-O 6. Nc3 c6 7. Bxd6 Qxd6 8. Rc1
Nbd7 9. cxd5 exd5 10. Bd3 Re8 11. Qc2 Nf8 12. O-O Ng6 13. h3 Bd7 14. Rb1 Re7
15. b4 Rae8 16. b5 c5 17. dxc5 Qxc5 18. Rbc1 Qd6 1/2-1/2

[Event "Landesklasse West 2012/2013"]
[Site "?"]
[Date "2013.02.17"]
[Round "7"]
[White "Lutzkat, Ulrich"]
[Black "Bötticher, Heinz-Wilfried"]
[Result "1/2-1/2"]
[WhiteElo "2005"]
[BlackElo "1800"]
[PlyCount "33"]
[EventDate "2013.??.??"]
[WhiteTeam "Schachclub 1998 Gotha"]
[BlackTeam "SV Breitenworbis"]

1. e4 c5 2. Nf3 Nc6 3. d4 cxd4 4. Nxd4 Nf6 5. Nc3 e5 6. Ndb5 d6 7. Nd5 Nxd5 8.
exd5 Nb8 9. c4 Be7 10. Be2 a6 11. Nc3 O-O 12. O-O f5 13. Qc2 Nd7 14. f4 a5 15.
Nb5 Nc5 16. Be3 Bf6 17. Rad1 1/2-1/2

[Event "Landesklasse West 2012/2013"]
[Site "?"]
[Date "2013.02.17"]
[Round "7"]
[White "Hermann, Ingo"]
[Black "Manger, Hans-Gerald"]
[Result "1-0"]
[WhiteElo "1835"]
[BlackElo "1841"]
[PlyCount "29"]
[EventDate "2013.??.??"]
[WhiteTeam "SV Breitenworbis"]
[BlackTeam "Schachclub 1998 Gotha"]

1. e4 c5 2. c3 d5 3. exd5 Qxd5 4. d4 Nf6 5. Nf3 Bg4 6. Be2 Nc6 7. Na3 cxd4 8.
Nb5 Rc8 9. Nbxd4 e5 10. Nxc6 Qxd1+ 11. Bxd1 Bxf3 12. Nxa7 Bxg2 13. Rg1 Ra8 14.
Nb5 Ra5 15. Rxg2 1-0

[Event "Landesklasse West 2012/2013"]
[Site "?"]
[Date "2013.02.17"]
[Round "7"]
[White "Fiensch, Günter"]
[Black "Leibeling, Lucian"]
[Result "1/2-1/2"]
[WhiteElo "1957"]
[BlackElo "1851"]
[PlyCount "22"]
[EventDate "2013.??.??"]
[WhiteTeam "Schachclub 1998 Gotha"]
[BlackTeam "SV Breitenworbis"]

1. e4 c5 2. Nf3 d6 3. d4 cxd4 4. Nxd4 Nf6 5. Nc3 g6 6. Be3 Bg7 7. f3 O-O 8. Bc4
Nc6 9. Qd2 Bd7 10. O-O-O Rc8 11. Bb3 Ne5 1/2-1/2